Studii şi cercetări ştiinţifice

Na minha lista:
Detalhes bibliográficos
Formato: Periódico
Idioma:inglês
francês
romeno
Publicado em: Bacau Universitatea Bacău
Tags: Adicionar Tag
Sem tags, seja o primeiro a adicionar uma tag!

MARC

LEADER 00000nas1a2200000 4500
001 0264171
005 20210128161221.7
022 |a 2559-3455 
022 |a 1224-841X 
041 0 |a eng 
041 0 |a fre 
041 0 |a rum 
044 |a RO 
245 1 0 |a Studii şi cercetări ştiinţifice 
264 1 |a Bacau  |b Universitatea Bacău